000 00785nam a2200301 a 4500
003 AR-BaBNM
005 20251128203303.0
008 082120s2002 ||||||||||||||000 | spa||
040 _cAR-BaBNM
100 1 _aWheeler, Opal
245 0 0 _aBach
250 _a1ª ed.
260 _aBuenos Aires
_bEdiciones Anaconda
_c1943
300 _a114 p.
_bil.
500 _aContiene partituras de las obras de Johann Sebastian Bach
650 4 _aLIBROS PARA NIÑOS
650 4 _aLITERATURA INFANTIL
650 4 _aMUSICA
650 4 _aBIOGRAFIAS
650 4 _aHISTORIA DE LA MUSICA
653 _aBARROCO
655 _aLITERATURA
700 1 _aDeucher, Sybil
700 1 _aSalas Subirat, J.
_etraductor
700 1 _aGreenwalt, Mary
_eilustrador
942 _cBK
998 _cMARTIN
999 _c2732
_d2732